00930cam a2200229 4500001001300000003000400013005001700017008004100034010002200075025002000097050001600117082001700133245004400150260008700194300005000281350001000331500019100341650003400532710004500566710007200611999001700683sa 68014375 DLC20260227112631.0700211s1967 ii b s 00000 eng  asa 68014375 //r84 aPL480:I-E-111030 aJQ294b.F66 a324/.2021/5400aFourth general elections;ban analysis.0 a[New Delhi]bMinistry of Information and Broadcasting, Govt. of Indiac[1967 or 8] a297 p.bmaps (1 fold. col. in pocket)c30 cm. a30.00 a"This analysis [is] being published by the Directorate of Advertising and Visual Publicity in collaboration with the Office of the Registrar General, India, which prepared all material." 0aElectionszIndiaxStatistics.10aIndia.bOffice of the Registrar General.10aIndia (Republic).bDirectorate of Advertising and Visual Publicity. c85734d85734